Youssefi v Mussellwhite (Record no. 84533)
[ view plain ]
| 000 -LEADER | |
|---|---|
| fixed length control field | 01278cab a22002175a 4500 |
| 001 - CONTROL NUMBER | |
| control field | L158216 |
| 008 - FIXED-LENGTH DATA ELEMENTS--GENERAL INFORMATION | |
| fixed length control field | 141015e2014 xxk 000 0 eng d |
| 035 ## - SYSTEM CONTROL NUMBER | |
| System control number | (Sirsi) u158216 |
| 041 0# - LANGUAGE CODE | |
| Language code of text/sound track or separate title | eng |
| 245 00 - TITLE STATEMENT | |
| Title | Youssefi v Mussellwhite |
| Medium | [electronic resource] |
| 260 ## - PUBLICATION, DISTRIBUTION, ETC. | |
| Date of publication, distribution, etc. | 2014 |
| 520 ## - SUMMARY, ETC. | |
| Summary, etc. | [2014] EWCA Civ 885, 2 July 2014. Appeal by tenant M against CC's decision to uphold landlord Y's refusual to grant a new tenancy under the Landlord and Tenant Act Part II s30(1) due to failure to comply with the repairing covenant in the lease, persistent late payment of rent, failure to permit access for inspection by M and her agents and breach of a covenant in the lease to keep premises open as a shop or a cafe to visiting members of the public. "Held" appeal allowed under s30(1)(a) on the grounds that the findings of the fact in relation to the disprepair were not sufficiently substantial to justify refusal of a new tenancy. |
| 590 ## - LOCAL NOTE (RLIN) | |
| Local note | KA |
| 650 24 - SUBJECT ADDED ENTRY--TOPICAL TERM | |
| Topical term or geographic name entry element | YOUSSEFI V MUSSELWHITE |
| 650 24 - SUBJECT ADDED ENTRY--TOPICAL TERM | |
| Topical term or geographic name entry element | LANDLORD AND TENANT ACT 1954 PT II |
| 650 24 - SUBJECT ADDED ENTRY--TOPICAL TERM | |
| Topical term or geographic name entry element | REPAIRS |
| 651 #4 - SUBJECT ADDED ENTRY--GEOGRAPHIC NAME | |
| Geographic name | England and Wales |
| Chronological subdivision | 1543- |
| 690 ## - LOCAL SUBJECT ADDED ENTRY--TOPICAL TERM (OCLC, RLIN) | |
| Topical term or geographic name as entry element | Landlord and tenant |
| 9 (RLIN) | 6252 |
| 856 40 - ELECTRONIC LOCATION AND ACCESS | |
| Uniform Resource Identifier | <a href="https://www.bailii.org/ew/cases/EWCA/Civ/2014/885.html">https://www.bailii.org/ew/cases/EWCA/Civ/2014/885.html</a> |
| Public note | View the law report free of charge at www.bailii.org |
| 942 ## - ADDED ENTRY ELEMENTS (KOHA) | |
| Suppress in OPAC | 0 |
| Withdrawn status | Lost status | Source of classification or shelving scheme | Damaged status | Not for loan | Home library | Current library | Shelving location | Date acquired | Total Checkouts | Full call number | Barcode | Date last seen | Copy number | Price effective from | Koha item type |
|---|---|---|---|---|---|---|---|---|---|---|---|---|---|---|---|
| Dewey Decimal Classification | Virtual | Virtual | Online | 15/10/2014 | ONLINE PUBLICATION | 158216-2001 | 06/08/2019 | 1 | 06/08/2019 | Law report |